LEADER 00745nam0 2200241 450 001 000014266 005 20080714083735.0 010 $a0521468396 100 $a20080714d1995----km-y0itay50------ba 101 0 $aeng 102 $aGB 105 $ay-------001yy 200 1 $a<>economics of the trade union$fAlison L. Booth 210 $aCambridge$cCambridge University Press$d1995 215 $aXVI, 295 p.$d23 cm 610 1 $aSindacati$aGran Bretagna$a1970-1990 676 $a331.880941$v20$9Sindacati. Gran Bretagna 700 1$aBooth,$bAlison L.$0140736 801 0$aIT$bUNIPARTHENOPE$c20080714$gRICA$2UNIMARC 912 $a000014266 951 $a831/7$b7984$cNAVA2 996 $aEconomics of the trade union$9634047 997 $aUNIPARTHENOPE LEADER 03337oas 2201177 a 450 001 9910139308203321 005 20260310213014.0 011 $a1522-2357 035 $a(DE-599)ZDB2083916-9 035 $a(DE-599)2083916-9 035 $a(OCoLC)49610106 035 $a(CONSER) 2002242132 035 $a(CKB)960238639272 035 $a(EXLCZ)99960238639272 100 $a20020418a19799999 sy 101 0 $ager 135 $aurmnu|||||||| 181 $ctxt$2rdacontent 182 $cc$2rdamedia 183 $acr$2rdacarrier 200 10$aForschung 210 $aWeinheim, Fed. Rep. of Germany $c[Deutsche Forschungsgemeinschung] $cWiley-VCH Verlag 215 $a1 online resource 300 $aRefereed/Peer-reviewed 300 $aPublished: Bonn : Harald Boldt Verlag, 1979-; published: Weinheim, Fed. Rep. of Germany : [Deutsche Forschungsgemeinschung] : Wiley-VCH Verlag GmbH, <2001-> 311 08$a0172-1518 517 3 $aForschung Mitteilungen der Deutsche Forschungsgemeinschaft 606 $aScience$vPeriodicals 606 $aEngineering$xResearch$vPeriodicals 606 $aResearch$zGermany (West)$vPeriodicals 606 $aResearch$zGermany$vPeriodicals 606 $aRecherche technique$xPe?riodiques 606 $aRecherche$zAllemagne (Ouest)$xPe?riodiques 606 $aSciences$vPe?riodiques 606 $aRecherche technique$vPe?riodiques 606 $aRecherche$zAllemagne (Ouest)$vPe?riodiques 606 $aRecherche$zAllemagne$vPe?riodiques 606 $aEngineering$xResearch$2fast$3(OCoLC)fst00910387 606 $aResearch$2fast$3(OCoLC)fst01095153 606 $aScience$2fast$3(OCoLC)fst01108176 606 $aEnginyeria$2thub 606 $aInvestigació$2thub 607 $aGermany$2fast$1https://id.oclc.org/worldcat/entity/E39PBJtCD3rcKcPDx6FHmjvrbd 607 $aGermany (West)$2fast 608 $aperiodicals.$2aat 608 $aPeriodicals.$2fast 608 $aPeriodicals.$2lcgft 608 $aPe?riodiques.$2rvmgf 608 $aRevistes electròniques.$2thub 615 0$aScience 615 0$aEngineering$xResearch 615 0$aResearch 615 0$aResearch 615 6$aRecherche technique$xPe?riodiques. 615 6$aRecherche$xPe?riodiques. 615 6$aSciences 615 6$aRecherche technique 615 6$aRecherche 615 6$aRecherche 615 7$aEngineering$xResearch. 615 7$aResearch. 615 7$aScience. 615 7$aEnginyeria. 615 7$aInvestigació. 712 02$aDeutsche Forschungsgemeinschaft, 801 0$bOUN 801 1$bOUN 801 2$bMYG 801 2$bCUS 801 2$bOCLCQ 801 2$bIUL 801 2$bU9S 801 2$bOCLCQ 801 2$bUKMGB 801 2$bOCLCQ 801 2$bOCLCF 801 2$bOCLCQ 801 2$bUBY 801 2$bGPM 801 2$bCOO 801 2$bOCLCQ 801 2$bOCLCA 801 2$bOCLCQ 801 2$bOCLCO 801 2$bOCLCQ 801 2$bUBY 801 2$bU3W 801 2$bOCLCL 801 2$bOCLCQ 801 2$bOCLCL 801 2$bNLE 801 2$bEZC 801 2$bSFB 801 2$bRCE 801 2$bCSU 801 2$bXFH 801 2$bOCLCQ 906 $aJOURNAL 912 $a9910139308203321 996 $aForschung$91321410 997 $aUNINA